[Event "HUN-chT2 Erkel 1112"]
[Site "Hungary"]
[Date "2012.02.19"]
[Round "6.9"]
[White "Szatmary, Revay Jozsef"]
[Black "Leidl, Istvan Sr"]
[Result "1-0"]
[WhiteElo "2050"]
[BlackElo "1959"]
[PlyCount "51"]
[EventDate "2011.09.25"]
[EventType "team-tourn"]
[EventRounds "11"]
[EventCountry "HUN"]
[SourceTitle "EXT 2013"]
[Source "ChessBase"]
[SourceDate "2012.11.22"]
[SourceVersion "1"]
[SourceVersionDate "2012.11.22"]
[SourceQuality "1"]
[WhiteTeam "Matra"]
[BlackTeam "Szigetszentmiklos"]
[WhiteTeamCountry "HUN"]
[BlackTeamCountry "HUN"]

1. d4 Nf6 2. c4 e6 3. Nc3 d5 4. Bg5 Be7 5. e3 0-0 6. Nf3 b6 7. Rc1 Bb7 8. Bxf6 Bxf6 9. cxd5 exd5 10. Bd3 Re8 11. 0-0 a6 12. Ne2 Nd7 13. Qc2 c5 14. Bxh7+ Kh8 15. Bf5 cxd4 16. exd4 Rc8 17. Qd2 Qe7 18. Nf4 Rc4 19. Nh5 Nf8 20. Rce1 Ne6 21. Bxe6 fxe6 22. Nxf6 Qxf6 23. Ne5 Rc7 24. Re3 Rec8 25. Rf3 Rc2 26. Qd3 1-0

[Event "HUN-chT2 Erkel 1112"]
[Site "Hungary"]
[Date "2011.11.13"]
[Round "3.8"]
[White "Leidl, Istvan Sr"]
[Black "D Albini, Geza"]
[Result "1/2-1/2"]
[WhiteElo "1959"]
[BlackElo "2051"]
[PlyCount "28"]
[EventDate "2011.09.25"]
[EventType "team-tourn"]
[EventRounds "11"]
[EventCountry "HUN"]
[SourceTitle "EXT 2013"]
[Source "ChessBase"]
[SourceDate "2012.11.22"]
[SourceVersion "1"]
[SourceVersionDate "2012.11.22"]
[SourceQuality "1"]
[WhiteTeam "Szigetszentmiklos"]
[BlackTeam "Vizugy"]
[WhiteTeamCountry "HUN"]
[BlackTeamCountry "HUN"]

1. d4 d5 2. Nf3 c6 3. e3 Nf6 4. c4 e6 5. Nc3 Bb4 6. Bd2 0-0 7. Bd3 Bxc3 8. Bxc3 Nbd7 9. 0-0 b6 10. Qc2 h6 11. Bb4 c5 12. Ba3 Bb7 13. cxd5 Nxd5 14. Qb3 Ne7 1/2-1/2

[Event "HUN-chT2 Erkel 1112"]
[Site "Hungary"]
[Date "2011.09.25"]
[Round "1.8"]
[White "Leidl, Istvan Sr"]
[Black "Szijarto, Csaba"]
[Result "0-1"]
[WhiteElo "1959"]
[BlackElo "2107"]
[PlyCount "86"]
[EventDate "2011.09.25"]
[EventType "team-tourn"]
[EventRounds "11"]
[EventCountry "HUN"]
[SourceTitle "EXT 2013"]
[Source "ChessBase"]
[SourceDate "2012.11.22"]
[SourceVersion "1"]
[SourceVersionDate "2012.11.22"]
[SourceQuality "1"]
[WhiteTeam "Szigetszentmiklos"]
[BlackTeam "Ujszasz"]
[WhiteTeamCountry "HUN"]
[BlackTeamCountry "HUN"]

1. d4 b5 2. Nf3 Bb7 3. e3 a6 4. b3 Nf6 5. Bb2 e6 6. Bd3 c5 7. Nbd2 Nc6 8. a3 Be7 9. 0-0 cxd4 10. exd4 0-0 11. Re1 d6 12. Qe2 Re8 13. Rac1 b4 14. c4 bxa3 15. Bxa3 Qa5 16. Bb2 Nb4 17. Bc3 Qb6 18. Bb1 a5 19. Ng5 Qc6 20. f3 Qb6 21. Qf2 h6 22. Nge4 Nxe4 23. Nxe4 f5 24. c5 Qa6 25. Nd2 dxc5 26. dxc5 Bd5 27. Bd4 Nc6 28. Bb2 Qb7 29. Qg3 Bf8 30. f4 a4 31. Re3 a3 32. Ba1 a2 33. Bd3 Qb4 34. Rc2 Nd4 35. Rc4 Bxc4 36. Nxc4 Nxb3 37. Nb6 Nxa1 38. Nxa8 Rxa8 39. Rxe6 Qxc5+ 40. Kf1 Nb3 41. Re1 Nd2+ 42. Ke2 Re8+ 43. Kxd2 Qb4+ 0-1